| 000 | 00855nam a2200205Ia 4500 | ||
|---|---|---|---|
| 003 | IT-RoPau | ||
| 005 | 20220918175318.0 | ||
| 008 | 120407s9999 xx 000 0 und d | ||
| 040 |
_aIT-RoPAU _cIT-RoPau |
||
| 040 | _cIT-RoPAU | ||
| 100 |
_aColombo, Dalmazio _92178 |
||
| 245 | _aCantico dei Cantici | ||
| 260 |
_aCinisello Balsamo _bEdizioni San Paolo _c1998 |
||
| 300 |
_c10,5 cm _a160 p. |
||
| 490 | _v1 | ||
| 520 | _aIntroduzione; Il "Cantico" nella miniatura; CANTICO DEI CANTICI; Preludio; Primo carme: Canto d'incontro; Secondo carme: Canto di primavera; Terzo carme: Canto nuziale; Quarto carme: Canto notturno; Quinto carme: Canto di danza; Epilogo: Il cantico dell'amore; Frammenti aggiunti; Appendice; Indice iconografico. | ||
| 600 |
_aCollana Nuovissima Versione B. - 2° n. di copie a parte _934051 |
||
| 942 |
_cBK _2ddc |
||
| 999 |
_c3344 _d3344 |
||